<?xml version="1.0" encoding="UTF-8"?>
<record
    xmlns:xsi="http://www.w3.org/2001/XMLSchema-instance"
    xsi:schemaLocation="http://www.loc.gov/MARC21/slim http://www.loc.gov/standards/marcxml/schema/MARC21slim.xsd"
    xmlns="http://www.loc.gov/MARC21/slim">

  <leader>00971nam a2200253 a 4500</leader>
  <controlfield tag="001">BRL_1628</controlfield>
  <controlfield tag="005">20190320211310.0</controlfield>
  <controlfield tag="008">150414s1947----mx-oe#####---#000-0#spa-#</controlfield>
  <datafield tag="041" ind1=" " ind2=" ">
    <subfield code="a">spa</subfield>
    <subfield code="h">eng</subfield>
  </datafield>
  <datafield tag="044" ind1=" " ind2=" ">
    <subfield code="a">mx</subfield>
  </datafield>
  <datafield tag="050" ind1=" " ind2="4">
    <subfield code="a">BX2532.C48</subfield>
    <subfield code="b">.R67 1947</subfield>
  </datafield>
  <datafield tag="100" ind1="1" ind2=" ">
    <subfield code="a">Rosell, Lauro E.</subfield>
    <subfield code="9">11688</subfield>
  </datafield>
  <datafield tag="245" ind1="1" ind2="0">
    <subfield code="a">Convento Dieguino de Santa Mar&#xED;a de los &#xC1;ngeles</subfield>
    <subfield code="b">Huitzilopochco, Churubusco, museo hist&#xF3;rico</subfield>
    <subfield code="c">texto de Lauro E. Rosell.</subfield>
  </datafield>
  <datafield tag="260" ind1=" " ind2=" ">
    <subfield code="a">M&#xE9;xico</subfield>
    <subfield code="b">Instituto Nacional de Antropolog&#xED;a e Historia, Direcci&#xF3;n de Monumentos Coloniales</subfield>
    <subfield code="c">1947</subfield>
  </datafield>
  <datafield tag="300" ind1=" " ind2=" ">
    <subfield code="a">xliv, 47 p.</subfield>
    <subfield code="b">il., l&#xE1;minas</subfield>
    <subfield code="c">17 cm.</subfield>
  </datafield>
  <datafield tag="440" ind1=" " ind2="0">
    <subfield code="a">Monograf&#xED;as mexicanas de arte</subfield>
    <subfield code="v">8</subfield>
    <subfield code="9">27479</subfield>
  </datafield>
  <datafield tag="500" ind1=" " ind2=" ">
    <subfield code="a">Au1844</subfield>
  </datafield>
  <datafield tag="500" ind1=" " ind2=" ">
    <subfield code="a">Texto en: espa&#xF1;ol e ingl&#xE9;s.</subfield>
  </datafield>
  <datafield tag="504" ind1=" " ind2=" ">
    <subfield code="a">Bibliograf&#xED;a: p. xliii-xliv</subfield>
  </datafield>
  <datafield tag="610" ind1="2" ind2="4">
    <subfield code="a">Convento de Churubusco (Churubusco, Distrito Federal, M&#xE9;xico)</subfield>
    <subfield code="9">27480</subfield>
  </datafield>
  <datafield tag="651" ind1=" " ind2="4">
    <subfield code="a">Churubusco (Distrito Federal, M&#xE9;xico)</subfield>
    <subfield code="x">Historia eclesi&#xE1;stica</subfield>
    <subfield code="9">27481</subfield>
  </datafield>
  <datafield tag="902" ind1=" " ind2=" ">
    <subfield code="a">GRL</subfield>
  </datafield>
  <datafield tag="942" ind1=" " ind2=" ">
    <subfield code="2">lcc</subfield>
    <subfield code="c">B</subfield>
  </datafield>
  <datafield tag="999" ind1=" " ind2=" ">
    <subfield code="c">10437</subfield>
    <subfield code="d">10437</subfield>
  </datafield>
  <datafield tag="952" ind1=" " ind2=" ">
    <subfield code="0">0</subfield>
    <subfield code="1">0</subfield>
    <subfield code="4">0</subfield>
    <subfield code="7">0</subfield>
    <subfield code="a">BRL</subfield>
    <subfield code="b">BRL</subfield>
    <subfield code="d">2014-04-15</subfield>
    <subfield code="i">Au1844</subfield>
    <subfield code="l">0</subfield>
    <subfield code="o">BX2532.C48 .R67 1947 (Au1844)</subfield>
    <subfield code="p">GRL01794</subfield>
    <subfield code="r">2019-03-22 00:00:00</subfield>
    <subfield code="w">2019-03-22</subfield>
    <subfield code="y">B</subfield>
  </datafield>
</record>
